Eye in the sky agronomy poised to come of age? (Record no. 117532)

MARC details
000 -LEADER
fixed length control field 01002cam a2200229 4500
001 - CONTROL NUMBER
control field ABS67969
008 - FIXED-LENGTH DATA ELEMENTS--GENERAL INFORMATION
fixed length control field 040617n2004 000 0 eng u
035 ## - SYSTEM CONTROL NUMBER
System control number (Sirsi) u126497
100 ## - MAIN ENTRY--PERSONAL NAME
Personal name Swallow, A.
245 ## - TITLE STATEMENT
Title Eye in the sky agronomy poised to come of age?
260 ## - PUBLICATION, DISTRIBUTION, ETC.
Date of publication, distribution, etc. 2004
490 ## - SERIES STATEMENT
Series statement Farmers' Weekly
Volume/sequential designation 140(23) 4 June 2004, 50(1)
520 ## - SUMMARY, ETC.
Summary, etc. The French company GeoSys has been piloting a scheme using satellite remote sensing equipment to assist in agronomic and strategic farming decisions. The satellite images provide an overview of the farm to help decide programmes and methods, field and crop selection. It can also help direct field walking to potential problem areas and increase efficiency and variable rate applications of inputs such as nitrogen.
590 ## - LOCAL NOTE (RLIN)
Local note ABS
590 ## - LOCAL NOTE (RLIN)
Local note ABS
650 ## - SUBJECT ADDED ENTRY--TOPICAL TERM
Topical term or geographic name entry element REMOTE SENSING
650 ## - SUBJECT ADDED ENTRY--TOPICAL TERM
Topical term or geographic name entry element SATELLITE SURVEYING
650 ## - SUBJECT ADDED ENTRY--TOPICAL TERM
Topical term or geographic name entry element FARMING METHODS
650 ## - SUBJECT ADDED ENTRY--TOPICAL TERM
Topical term or geographic name entry element ARABLE FARMING
690 ## - LOCAL SUBJECT ADDED ENTRY--TOPICAL TERM (OCLC, RLIN)
Topical term or geographic name as entry element RURAL-AGRICULTURE AND FORESTRY
942 ## - ADDED ENTRY ELEMENTS (KOHA)
Suppress in OPAC 0
Holdings
Withdrawn status Lost status Source of classification or shelving scheme Damaged status Not for loan Home library Current library Shelving location Date acquired Total Checkouts Full call number Barcode Date last seen Copy number Price effective from Koha item type
    Dewey Decimal Classification     London London Journal article 17/06/2004   ABS67969 126497-1001 06/08/2019 1 06/08/2019 Journal article